=LDR 00000nam 2200000 4500 =001 INLIS000000000051792 =005 20230522014548 =035 ##$$a 0010-1217000032 =008 230522###########################0###### =020 ##$$a 978-979-769-903-1 =082 ##$$a 346.043 8 =084 ##$$a 346.043 8 SAL t =100 #$$a Salim =245 1#$$a Teknik Pembuatan Akta Pejabat Pembuat Akta tanah (PPAT) /$c Dr. H. Salim HS., S.H., M.S =260 ##$$a Jakarta :$b Rajawali press,$c 2016 =300 ##$$a xiv, 368 hlm ; $c 23 cm =990 ##$$a 21705326 =990 ##$$a 21705327 =990 ##$$a 21705328 =990 ##$$a 21705329 =990 ##$$a 21705330